[Event "XXVIII Festival A"]
[Site "Arco ITA"]
[Date "2006.10.27"]
[Round "7"]
[White "Samarian, Cornel"]
[Black "Buck, Klaus-Michael"]
[Result "0-1"]
[WhiteElo "1937"]
[BlackElo "1665"]
[PlyCount "124"]
[EventDate "2006.10.21"]

1. c4 Nf6 2. Nc3 d6 3. g3 g6 4. Bg2 c6 5. e4 Nbd7 6. d3 Bg7 7. Nge2 e5 8. O-O
O-O 9. h3 Re8 10. Be3 Nf8 11. Qd2 Be6 12. b3 Qc7 13. Rac1 Qd7 14. Kh2 a6 15.
Na4 Qc7 16. c5 d5 17. exd5 Bxd5 18. f3 N6d7 19. Nec3 Be6 20. Ne4 f5 21. Nd6 Re7
22. Nc4 Bf7 23. Bh6 Ne6 24. Bxg7 Kxg7 25. Ncb6 Nxb6 26. Nxb6 Rd8 27. Rfe1 Nxc5
28. Rxc5 Qxb6 29. Qc3 Rxd3 30. Qc1 Bd5 31. Rc2 Qd4 32. Rce2 Bxf3 33. Bxf3 Rxf3
34. Qd2 Qxd2 35. Rxd2 e4 36. Kg2 Rc3 37. Ree2 Kf6 38. h4 h6 39. Rd6+ Re6 40.
Rd7 Rd3 41. Rxb7 e3 42. Kf3 g5 43. hxg5+ hxg5 44. Rh7 g4+ 45. Kg2 Rd2 46. Kf1
Rd1+ 47. Kg2 Kg6 48. Rh1 Rxh1 49. Kxh1 Kg5 50. Kg2 f4 51. gxf4+ Kxf4 52. Re1
Re5 53. Rf1+ Kg5 54. Kg3 e2 55. Re1 Re6 56. Kf2 Kf4 57. Rxe2 g3+ 58. Kf1 Rxe2
59. Kxe2 Ke4 60. b4 Kd4 61. a4 Kc4 62. b5 cxb5 0-1

[Event "XXVIII Festival A"]
[Site "Arco ITA"]
[Date "2006.10.27"]
[Round "7"]
[White "Savarese, Vincenzo"]
[Black "Ludovici, Roberto"]
[Result "1-0"]
[WhiteElo "1865"]
[BlackElo "1774"]
[PlyCount "87"]
[EventDate "2006.10.21"]

1. e4 c5 2. c3 Nf6 3. e5 Nd5 4. d4 e6 5. Nf3 Nc6 6. c4 Nb6 7. d5 exd5 8. cxd5
Nxe5 9. Nxe5 Qe7 10. Qe2 Nxd5 11. Nc4 Qxe2+ 12. Bxe2 Nb4 13. Ne3 d6 14. Nc3 Be6
15. a3 Nc6 16. Bb5 Bd7 17. Bxc6 Bxc6 18. Ned5 O-O-O 19. O-O h6 20. Bf4 g5 21.
Bg3 h5 22. h4 g4 23. Rfe1 Kd7 24. Rad1 Rh6 25. Bf4 Rh8 26. Bg5 Rb8 27. Ne7 b5
28. Nxc6 Kxc6 29. Be7 Rh6 30. Bxf8 Rxf8 31. Re7 Kb6 32. Nd5+ Ka6 33. Rde1 f5
34. Rd7 b4 35. axb4 cxb4 36. Nxb4+ Kb5 37. Rb7+ Kc4 38. Rc1+ Kd4 39. Nc6+ Kd5
40. Ne7+ Kd4 41. Rxa7 f4 42. Ra4+ Kd3 43. Kf1 Kd2 44. Rc3 1-0

[Event "XXVIII Festival A"]
[Site "Arco ITA"]
[Date "2006.10.27"]
[Round "7"]
[White "Schaefer, Michael"]
[Black "Pivovarov, Michail"]
[Result "1-0"]
[WhiteElo "2199"]
[BlackElo "1891"]
[PlyCount "87"]
[EventDate "2006.10.21"]

1. d4 Nf6 2. c4 e6 3. g3 Be7 4. Bg2 O-O 5. Nf3 c5 6. d5 d6 7. O-O Na6 8. Nc3
Nc7 9. e4 e5 10. Ne1 Bg4 11. f3 Bh5 12. Be3 Rb8 13. a4 a6 14. a5 b5 15. axb6
Rxb6 16. Nd3 Qb8 17. Qd2 Bg6 18. Na4 Rb3 19. Rfe1 Rd8 20. Bf1 Bf8 21. Be2 Nd7
22. g4 Be7 23. Reb1 Nf8 24. Bd1 Rb7 25. b4 h5 26. h3 Nd7 27. Bc2 hxg4 28. hxg4
Nf6 29. bxc5 Bxe4 30. Rxb7 Qxb7 31. Rb1 Nb5 32. c6 Qc8 33. Nb6 Qc7 34. fxe4
Nxe4 35. Qg2 Nbc3 36. Rb3 Bh4 37. Nc1 Nc5 38. Bxc5 dxc5 39. Qh3 Qe7 40. Rxc3
Qg5 41. Bf5 g6 42. c7 gxf5 43. cxd8=Q+ Qxd8 44. gxf5 1-0

[Event "XXVIII Festival A"]
[Site "Arco ITA"]
[Date "2006.10.27"]
[Round "7"]
[White "Schrott, Ernst"]
[Black "Bondielli, Giorgio"]
[Result "1-0"]
[WhiteElo "2070"]
[BlackElo "1986"]
[PlyCount "81"]
[EventDate "2006.10.21"]

1. e4 e5 2. d4 exd4 3. Nf3 Nc6 4. Nxd4 Bc5 5. Be3 Nxd4 6. Bxd4 Bxd4 7. Qxd4 Qf6
8. e5 Qb6 9. Qc3 Ne7 10. Bc4 O-O 11. O-O d5 12. exd6 Qxd6 13. Na3 c6 14. Rad1
Qg6 15. Rfe1 Nf5 16. Bd3 Be6 17. Nc4 Bd5 18. Ne3 Rfe8 19. Bxf5 Rxe3 20. Bxg6
Rxc3 21. Bd3 Rc5 22. b4 Rc3 23. a4 Kf8 24. f4 Re8 25. f5 f6 26. Kf2 a6 27. g3
b5 28. a5 Ra3 29. Rxe8+ Kxe8 30. Ke3 Ra4 31. Rb1 Kd7 32. Be4 Ra3+ 33. Kd4 Kd6
34. Bxd5 cxd5 35. Re1 Rf3 36. Re6+ Kd7 37. Rxa6 Rxf5 38. Ra7+ Kc6 39. Rxg7 Rf2
40. Rf7 Rxc2 41. Rxf6+ 1-0

[Event "XXVIII Festival A"]
[Site "Arco ITA"]
[Date "2006.10.27"]
[Round "7"]
[White "Stolfa, Rodolfo"]
[Black "Murli, Almerico"]
[Result "1-0"]
[WhiteElo "1754"]
[BlackElo "1889"]
[PlyCount "179"]
[EventDate "2006.10.21"]

1. d4 Nf6 2. c4 g6 3. Nc3 Bg7 4. e4 d6 5. Nf3 O-O 6. Be2 e5 7. dxe5 dxe5 8.
Qxd8 Rxd8 9. Bg5 Re8 10. Nd5 Nxd5 11. cxd5 c6 12. Bc4 b5 13. Bb3 Bb7 14. Rd1 h6
15. Be3 Nd7 16. dxc6 Bxc6 17. Bd5 Bxd5 18. exd5 Rec8 19. O-O Rc2 20. Rb1 f5 21.
Ne1 Rc7 22. Nd3 a5 23. b4 f4 24. Bc5 g5 25. Bd6 Rcc8 26. Rfc1 e4 27. Rxc8+ Rxc8
28. Nc5 Nb6 29. bxa5 Nc4 30. Nxe4 Nxa5 31. h3 Nc4 32. Rxb5 Re8 33. f3 Nxd6 34.
Nxd6 Ra8 35. Nf5 Bf8 36. Rb2 Kf7 37. Kf1 Kf6 38. Nd4 Ke5 39. Nb5 Rc8 40. d6
Bxd6 41. Nxd6 Kxd6 42. Ke2 Rc3 43. Kd2 Ra3 44. Kc1 Kc5 45. Rd2 Kb4 46. Kb2 Re3
47. Kc2 Ra3 48. Kd1 Kc4 49. Ke2 Re3+ 50. Kf2 Ra3 51. Kg1 h5 52. Kf2 h4 53. Ke2
Re3+ 54. Kd1 Ra3 55. Kc1 Kc3 56. Rc2+ Kb4 57. Kb1 Re3 58. Kb2 Rd3 59. Re2 Kc4
60. a4 Rb3+ 61. Ka2 Re3 62. Rb2 Rd3 63. Kb1 Rd1+ 64. Ka2 Rd3 65. Ka1 Rd1+ 66.
Rb1 Rd2 67. Rb2 Rd1+ 68. Ka2 Rd3 69. Rc2+ Kb4 70. Re2 Kxa4 71. Re4+ Kb5 72.
Re5+ Kb4 73. Rxg5 Rd2+ 74. Kb1 Kc3 75. Kc1 Ra2 76. Kd1 Ra1+ 77. Ke2 Ra2+ 78.
Kf1 Ra1+ 79. Kf2 Kd3 80. Rg4 Ra2+ 81. Kg1 Ke3 82. Rxh4 Ra1+ 83. Kh2 Ra5 84. Rg4
Rd5 85. h4 Rc5 86. Rg5 Rc6 87. h5 Rh6 88. Kh3 Rh7 89. Kg4 Kf2 90. Kh4 1-0

[Event "XXVIII Festival A"]
[Site "Arco ITA"]
[Date "2006.10.27"]
[Round "7"]
[White "Teske, Henrik"]
[Black "Salvador, Roland"]
[Result "1/2-1/2"]
[WhiteElo "2514"]
[BlackElo "2455"]
[PlyCount "27"]
[EventDate "2006.10.21"]

1. d4 d5 2. Nf3 Nf6 3. c4 dxc4 4. e3 e6 5. Bxc4 c5 6. O-O a6 7. Nc3 Nc6 8. Qe2
Qc7 9. a3 b6 10. dxc5 bxc5 11. Bd2 Bb7 12. Rfc1 Bd6 13. b4 O-O 14. bxc5 1/2-1/2

[Event "XXVIII Festival A"]
[Site "Arco ITA"]
[Date "2006.10.27"]
[Round "7"]
[White "Tocco, Paolo"]
[Black "Vuelban, Virgilio"]
[Result "1-0"]
[WhiteElo "2141"]
[BlackElo "2341"]
[PlyCount "86"]
[EventDate "2006.10.21"]

1. d4 Nf6 2. Nc3 d5 3. e4 dxe4 4. f3 Bf5 5. fxe4 Nxe4 6. Qf3 Nd6 7. Bf4 e6 8.
O-O-O c6 9. g4 Bg6 10. h4 h5 11. g5 Nd7 12. Bd3 Nf5 13. d5 cxd5 14. Nxd5 exd5
15. Qxd5 Ne7 16. Qxb7 Bxd3 17. Rxd3 Rc8 18. Nf3 Nc6 19. Rhd1 Ncb8 20. Bxb8 Rxb8
21. Rxd7 Rxb7 22. Rxd8+ Ke7 23. Ne5 Ke6 24. Nc6 Kf5 25. Re1 f6 26. Ree8 fxg5
27. Rxf8+ Rxf8 28. Rxf8+ Kg4 29. hxg5 Kxg5 30. Ne5 Re7 31. Nf3+ Kg4 32. Kd2 h4
33. c4 h3 34. c5 Kg3 35. b4 Re4 36. a3 Rc4 37. Ne5 h2 38. Rh8 Re4 39. c6 Rd4+
40. Kc2 Rd8 41. Rxd8 h1=Q 42. c7 Qg2+ 43. Kb3 Qd2 1-0

[Event "XXVIII Festival A"]
[Site "Arco ITA"]
[Date "2006.10.27"]
[Round "7"]
[White "Trauth, Michael"]
[Black "De Santis, Alessio"]
[Result "1/2-1/2"]
[WhiteElo "2153"]
[BlackElo "2337"]
[PlyCount "139"]
[EventDate "2006.10.21"]

1. g3 e6 2. Nf3 c5 3. Bg2 Nc6 4. c4 h5 5. d4 cxd4 6. Nxd4 h4 7. Nc3 a6 8. b3
Nf6 9. Bb2 Qc7 10. O-O hxg3 11. hxg3 Bc5 12. e3 Ne5 13. Qe2 d6 14. Rac1 Bd7 15.
Rfd1 Neg4 16. Ne4 O-O-O 17. Nxf6 Nxf6 18. a3 e5 19. b4 exd4 20. bxc5 dxc5 21.
exd4 Rde8 22. Qd3 Ng4 23. dxc5 Ne5 24. Qd6 Bc6 25. Bxc6 Qxc6 26. Qxc6+ bxc6 27.
Rd6 Nf3+ 28. Kg2 Ne1+ 29. Rxe1 Rxe1 30. Rxc6+ Kb7 31. Rb6+ Kc7 32. Rxa6 f6 33.
Ra7+ Kc6 34. Rxg7 Kxc5 35. Bxf6 Ra8 36. Rg4 Rxa3 37. Bd4+ Kc6 38. Rg6+ Kb7 39.
c5 Re2 40. Rb6+ Kc7 41. Rb2 Re4 42. Be3 Rc3 43. Rd2 Kc6 44. Rd6+ Kc7 45. Rd4
Re6 46. Rf4 Kc6 47. g4 Kd5 48. Kf3 Rg6 49. Rf8 Rc4 50. g5 Ke5 51. Rf4 Rxf4+ 52.
Bxf4+ Kf5 53. Be3 Ra6 54. Ke2 Ke4 55. Kd2 Ke5 56. Kc3 Ra4 57. Kd3 Kd5 58. Ke2
Ke5 59. Kd2 Ra6 60. Kc3 Ra4 61. Kb3 Re4 62. g6 Kf6 63. c6 Re6 64. c7 Rc6 65.
Bf4 Kxg6 66. Kb4 Kf5 67. Kb5 Rc2 68. Bd6 Ke6 69. Bc5 Kd7 70. Bb6 1/2-1/2

[Event "XXVIII Festival A"]
[Site "Arco ITA"]
[Date "2006.10.27"]
[Round "7"]
[White "Valenti, Giuseppe"]
[Black "Shaw, John Kerr"]
[Result "1/2-1/2"]
[WhiteElo "2252"]
[BlackElo "2473"]
[PlyCount "93"]
[EventDate "2006.10.21"]

1. e4 d5 2. exd5 Qxd5 3. Nc3 Qd8 4. d4 Nf6 5. Nf3 c6 6. Bc4 b5 7. Bd3 Bg4 8. h3
Bh5 9. a3 e6 10. O-O Nbd7 11. Re1 Be7 12. Bf4 Rc8 13. Be2 O-O 14. Ne5 Bxe2 15.
Qxe2 a6 16. Red1 Nd5 17. Bd2 Nxe5 18. dxe5 Qc7 19. Re1 Rfd8 20. Nxd5 cxd5 21.
c3 g6 22. a4 Qc4 23. axb5 axb5 24. Ra7 Bc5 25. Rb7 Qxe2 26. Rxe2 Rb8 27. Rxb8
Rxb8 28. Be3 Be7 29. b4 Ra8 30. g3 f6 31. f4 fxe5 32. fxe5 Ra1+ 33. Kf2 Rh1 34.
Kg2 Rd1 35. Rd2 Ra1 36. Kf2 Kf7 37. Kg2 g5 38. g4 Kg6 39. Kf2 Bf8 40. Re2 Rh1
41. Kg2 Rd1 42. Bb6 Rd3 43. Re3 Rd2+ 44. Kf1 h5 45. Re2 Rd3 46. Re3 Rd2 47. Re2
1/2-1/2

[Event "XXVIII Festival A"]
[Site "Arco ITA"]
[Date "2006.10.27"]
[Round "7"]
[White "Vink, Wim"]
[Black "Blasco, Domenico"]
[Result "1/2-1/2"]
[WhiteElo "2118"]
[BlackElo "1992"]
[PlyCount "43"]
[EventDate "2006.10.21"]

1. d4 g6 2. Nf3 Bg7 3. g3 d6 4. c4 e5 5. Nc3 Nc6 6. d5 Nce7 7. Bg2 h6 8. h3 f5
9. e3 Nf6 10. Nd2 O-O 11. f3 c6 12. e4 cxd5 13. cxd5 Bd7 14. Qe2 Rc8 15. Nf1 a6
16. Be3 b5 17. a3 Qa5 18. Bd2 Qd8 19. g4 f4 20. h4 Ne8 21. Bh3 Nc7 22. g5
1/2-1/2

[Event "XXVIII Festival A"]
[Site "Arco ITA"]
[Date "2006.10.27"]
[Round "7"]
[White "Visser, Eddy"]
[Black "Ricci, Alfredo"]
[Result "0-1"]
[WhiteElo "2140"]
[BlackElo "2059"]
[PlyCount "94"]
[EventDate "2006.10.21"]

1. d4 d5 2. c4 e6 3. Nc3 c6 4. Nf3 Nf6 5. Bg5 Nbd7 6. cxd5 exd5 7. Qc2 Be7 8.
e3 O-O 9. Bd3 Re8 10. O-O Ne4 11. Bxe4 dxe4 12. Nxe4 f6 13. Bf4 Nf8 14. Nc5 g5
15. Bg3 h5 16. h4 g4 17. Nd2 Kf7 18. Nd3 Bf5 19. Qc3 Bg6 20. Nb3 Kg8 21. Nf4
Bf7 22. Nc5 b6 23. Ncd3 Rc8 24. e4 c5 25. d5 Bd6 26. Rfe1 c4 27. Nb4 Be5 28.
Qe3 Bxb2 29. Rab1 Be5 30. Nc6 Rxc6 31. dxc6 Qc7 32. Nd5 Qxc6 33. Bxe5 Rxe5 34.
Qh6 Nd7 35. Rbd1 Qe6 36. Ne3 Rxe4 37. Rxd7 Qxd7 38. Qxf6 Qe7 39. Qc6 g3 40. Qh6
Qxh4 41. Rd1 gxf2+ 42. Kf1 Re6 43. Qg7+ Kxg7 44. Nf5+ Kf6 45. Nxh4 Re1+ 46.
Rxe1 fxe1=Q+ 47. Kxe1 Bd5 0-1

[Event "XXVIII Festival A"]
[Site "Arco ITA"]
[Date "2006.10.27"]
[Round "7"]
[White "Wohl, Aleksandar H."]
[Black "Blagojevic, Dragisa"]
[Result "1/2-1/2"]
[WhiteElo "2427"]
[BlackElo "2534"]
[PlyCount "30"]
[EventDate "2006.10.21"]

1. e4 e5 2. Nf3 Nc6 3. Bb5 a6 4. Ba4 Nf6 5. O-O Be7 6. Bxc6 dxc6 7. Nc3 Bg4 8.
h3 Bh5 9. d3 Nd7 10. Be3 O-O 11. g4 Bg6 12. Ne2 Re8 13. Ng3 Bf8 14. Kh1 f6 15.
Rg1 Nc5 1/2-1/2

[Event "XXVIII Festival A"]
[Site "Arco ITA"]
[Date "2006.10.28"]
[Round "8"]
[White "Ager, Josef"]
[Black "Hackbarth, Wolfgang"]
[Result "1/2-1/2"]
[WhiteElo "2196"]
[BlackElo "2137"]
[PlyCount "29"]
[EventDate "2006.10.21"]

1. e4 e5 2. Nf3 Nc6 3. Bb5 a6 4. Ba4 Nf6 5. O-O Be7 6. Re1 b5 7. Bb3 d6 8. c3
Na5 9. Bc2 c5 10. h3 Qc7 11. d4 O-O 12. Nbd2 Bb7 13. d5 Bc8 14. Nf1 Re8 15. Ne3
1/2-1/2

[Event "XXVIII Festival A"]
[Site "Arco ITA"]
[Date "2006.10.28"]
[Round "8"]
[White "Antoniacci, Riccardo"]
[Black "Crea, Vincenzo"]
[Result "1-0"]
[WhiteElo "1969"]
[BlackElo "2092"]
[PlyCount "93"]
[EventDate "2006.10.21"]

1. e4 e6 2. d4 d5 3. Nd2 dxe4 4. Nxe4 Qd5 5. Bd3 Nf6 6. Nxf6+ gxf6 7. Nf3 Nc6
8. Bf4 Bd6 9. c4 Qa5+ 10. Bd2 Bb4 11. Be4 Bd7 12. a3 Bxd2+ 13. Qxd2 Qxd2+ 14.
Kxd2 O-O-O 15. Kc3 Rhg8 16. g3 f5 17. Bc2 f6 18. d5 Ne5 19. Nd4 exd5 20. cxd5
f4 21. Bxh7 Rh8 22. Be4 Ng4 23. f3 Nf2 24. Rhf1 Rxh2 25. gxf4 Nh3 26. f5 Nf4
27. Rh1 Rhh8 28. Ne6 Bxe6 29. Rxh8 Nxd5+ 30. Bxd5 Bxd5 31. Rxd8+ Kxd8 32. Rf1
Ke7 33. Kd4 Kd6 34. b4 a6 35. Re1 b5 36. Re8 Bc4 37. Rd8+ Ke7 38. Ra8 c6 39.
Ke4 Bd5+ 40. Kf4 Kd6 41. Rxa6 Bb3 42. Ra8 Ke7 43. Ra7+ Kd6 44. Rh7 Bc4 45. Rh6
Ke7 46. Ke3 Bb3 47. Kd4 1-0

[Event "XXVIII Festival A"]
[Site "Arco ITA"]
[Date "2006.10.28"]
[Round "8"]
[White "Astengo, Corrado"]
[Black "Di Lazzaro, Gabriele"]
[Result "1/2-1/2"]
[WhiteElo "2128"]
[BlackElo "1986"]
[PlyCount "52"]
[EventDate "2006.10.21"]

1. e4 c5 2. Nf3 g6 3. d4 cxd4 4. Nxd4 Nc6 5. Nc3 Bg7 6. Be3 Nf6 7. Nxc6 bxc6 8.
e5 Ng8 9. f4 Qa5 10. Qd2 Rb8 11. Bc4 Nh6 12. Bb3 Nf5 13. Bf2 h5 14. O-O-O Rg8
15. Ne4 Qc7 16. h3 h4 17. g4 hxg3 18. Nxg3 d6 19. Nxf5 Bxf5 20. exd6 exd6 21.
Qxd6 Qb7 22. Bd4 Rd8 23. Qc5 Bxd4 24. Rxd4 Rxd4 25. Qxd4 c5 26. Qd5 Qc7 1/2-1/2

[Event "XXVIII Festival A"]
[Site "Arco ITA"]
[Date "2006.10.28"]
[Round "8"]
[White "Blagojevic, Dragisa"]
[Black "Valenti, Giuseppe"]
[Result "1-0"]
[WhiteElo "2534"]
[BlackElo "2252"]
[PlyCount "67"]
[EventDate "2006.10.21"]

1. d4 Nf6 2. c4 e6 3. Nc3 Bb4 4. f3 c5 5. d5 Bxc3+ 6. bxc3 d6 7. e4 e5 8. Bd3
O-O 9. Ne2 Nbd7 10. Bg5 h6 11. Be3 Re8 12. g4 Nh7 13. h4 Ndf8 14. Qd2 Qf6 15.
g5 hxg5 16. hxg5 Qxf3 17. O-O-O Qg4 18. Rh2 Qd7 19. Rdh1 Qa4 20. Kb2 b5 21.
cxb5 c4 22. Bc2 Qxb5+ 23. Ka1 Qa5 24. Ng3 Rb8 25. Nf5 Qa3 26. Bb1 Rb5 27. Qc1
Qa6 28. Nxg7 Kxg7 29. g6 fxg6 30. Bh6+ Kf7 31. Bxf8 Nxf8 32. Qg5 Rxb1+ 33. Rxb1
Re7 34. Rf1+ 1-0

[Event "XXVIII Festival A"]
[Site "Arco ITA"]
[Date "2006.10.28"]
[Round "8"]
[White "Blasco, Domenico"]
[Black "Visser, Eddy"]
[Result "1/2-1/2"]
[WhiteElo "1992"]
[BlackElo "2140"]
[PlyCount "29"]
[EventDate "2006.10.21"]

1. d4 Nf6 2. Nf3 g6 3. Bf4 d6 4. h3 Bg7 5. e3 Nbd7 6. Be2 O-O 7. O-O c6 8. c4
Qe8 9. Nc3 e5 10. Bh2 Qe7 11. Re1 e4 12. Nd2 Re8 13. Rc1 a6 14. a4 h5 15. b4
1/2-1/2

[Event "XXVIII Festival A"]
[Site "Arco ITA"]
[Date "2006.10.28"]
[Round "8"]
[White "Bozzao, Francesco"]
[Black "Vink, Wim"]
[Result "1-0"]
[WhiteElo "1972"]
[BlackElo "2118"]
[PlyCount "51"]
[EventDate "2006.10.21"]

1. e4 c6 2. d4 d5 3. Nc3 dxe4 4. Nxe4 Nd7 5. Nf3 Ngf6 6. Ng3 e6 7. Bd3 Be7 8.
O-O c5 9. c4 cxd4 10. Nxd4 Nc5 11. Bc2 a5 12. Nb5 O-O 13. Bf4 Bd7 14. Qe2 Bxb5
15. cxb5 Qb6 16. Rfd1 Rfe8 17. Be3 Qc7 18. Rac1 e5 19. Nh5 Nxh5 20. Qxh5 g6 21.
Qf3 Rad8 22. Rxd8 Rxd8 23. Bb3 Rf8 24. Qd5 Rc8 25. Qxf7+ Kh8 26. Bh6 1-0

[Event "XXVIII Festival A"]
[Site "Arco ITA"]
[Date "2006.10.28"]
[Round "8"]
[White "Bronznik, Valerij"]
[Black "Prakken, Gerrit"]
[Result "1/2-1/2"]
[WhiteElo "2391"]
[BlackElo "2180"]
[PlyCount "73"]
[EventDate "2006.10.21"]

1. d4 d5 2. c4 e6 3. Nc3 c6 4. e4 dxe4 5. Nxe4 Bb4+ 6. Bd2 Qxd4 7. Bxb4 Qxe4+
8. Be2 Na6 9. Bd6 Qxg2 10. Qd2 Nf6 11. Bf3 Qg6 12. O-O-O e5 13. Qe3 Ng4 14.
Bxg4 Bxg4 15. Qxe5+ Qe6 16. f3 Bf5 17. Qxe6+ Bxe6 18. b3 O-O-O 19. Ne2 Rhe8 20.
Nc3 Bf5 21. Kb2 Re3 22. f4 Bd3 23. c5 Rde8 24. Rd2 f6 25. Rhd1 Bf5 26. a3 b6
27. cxb6 axb6 28. b4 b5 29. a4 bxa4 30. Nxa4 Re1 31. Rxe1 Rxe1 32. Nc3 Nc7 33.
Re2 Rxe2+ 34. Nxe2 Ne6 35. Kc3 Kd7 36. Bb8 Bg4 37. Nd4 {...} 1/2-1/2

[Event "XXVIII Festival A"]
[Site "Arco ITA"]
[Date "2006.10.28"]
[Round "8"]
[White "Dalla Vecchia, Paolo"]
[Black "Loi, Andrea"]
[Result "1-0"]
[WhiteElo "1802"]
[BlackElo "2069"]
[PlyCount "75"]
[EventDate "2006.10.21"]

1. d4 Nf6 2. Nf3 d5 3. c4 e6 4. Nc3 Be7 5. Bg5 Nbd7 6. e3 c6 7. a3 O-O 8. Bd3
dxc4 9. Bxc4 Nd5 10. Bxe7 Qxe7 11. e4 Nxc3 12. bxc3 e5 13. Nxe5 Nxe5 14. dxe5
Qxe5 15. Qd4 Qe7 16. O-O Rd8 17. Qe3 Be6 18. Be2 Rd7 19. a4 b6 20. Rfd1 Rad8
21. Rxd7 Qxd7 22. Kf1 Qc7 23. f4 f6 24. c4 c5 25. e5 fxe5 26. fxe5 Qf7+ 27. Kg1
Bxc4 28. Rf1 Qe6 29. Bxc4 Qxc4 30. Qg5 Re8 31. Qf5 Qe6 32. Qf4 h6 33. Re1 a6
34. Rb1 Rd8 35. Qe4 Rd5 36. Rxb6 Rd4 37. Qa8+ Kh7 38. Rxe6 1-0

[Event "XXVIII Festival A"]
[Site "Arco ITA"]
[Date "2006.10.28"]
[Round "8"]
[White "De Napoli, Giuseppe"]
[Black "Kranebitter, Gerhard"]
[Result "1/2-1/2"]
[WhiteElo "2032"]
[BlackElo "2091"]
[PlyCount "32"]
[EventDate "2006.10.21"]

1. d4 Nf6 2. c4 e6 3. Nf3 c6 4. Nc3 d5 5. Bg5 dxc4 6. a4 Bb4 7. e3 b5 8. Be2 a5
9. O-O O-O 10. Ne5 h6 11. Bxf6 gxf6 12. Nf3 Ba6 13. Qc2 Ra7 14. Nd2 f5 15. f4
Nd7 16. Nf3 Qe7 1/2-1/2

[Event "XXVIII Festival A"]
[Site "Arco ITA"]
[Date "2006.10.28"]
[Round "8"]
[White "De Nisi, Mario"]
[Black "Mercandelli, Claudio"]
[Result "1-0"]
[WhiteElo "1961"]
[BlackElo "2020"]
[PlyCount "35"]
[EventDate "2006.10.21"]

1. d4 Nf6 2. c4 g6 3. Nc3 Bg7 4. e4 d6 5. f3 O-O 6. Be3 e5 7. d5 Nh5 8. Nge2 f5
9. c5 fxe4 10. Nxe4 Na6 11. N2c3 Nxc5 12. Nxc5 dxc5 13. Bxc5 e4 14. Nxe4 Re8
15. Qc2 b6 16. Be3 Bb7 17. Bb5 Rxe4 18. fxe4 1-0

[Event "XXVIII Festival A"]
[Site "Arco ITA"]
[Date "2006.10.28"]
[Round "8"]
[White "De Santis, Alessio"]
[Black "Bernardi, Ruben"]
[Result "1-0"]
[WhiteElo "2337"]
[BlackElo "2114"]
[PlyCount "107"]
[EventDate "2006.10.21"]

1. d4 d5 2. c4 c6 3. Nc3 Nf6 4. e3 a6 5. b3 Bf5 6. f3 e6 7. Nge2 Bd6 8. g4 Bxg4
9. fxg4 Nxg4 10. h3 Qh4+ 11. Kd2 Qh6 12. Qe1 Qxe3+ 13. Kc2 Qf2 14. Qxf2 Nxf2
15. Rg1 g6 16. Bg2 f5 17. Nf4 Bxf4 18. Bxf4 Ne4 19. Bxe4 fxe4 20. Bh6 b5 21.
Raf1 Nd7 22. Rg2 O-O-O 23. Rgf2 b4 24. Na4 c5 25. dxc5 Kc7 26. Rf7 Kc6 27. Re7
Rde8 28. Rff7 Rxe7 29. Rxe7 Nxc5 30. Nxc5 Kxc5 31. Rxe6 dxc4 32. Rxe4 cxb3+ 33.
axb3 Rb8 34. Re7 Kd5 35. Rxh7 Rc8+ 36. Kb2 Rc3 37. Bd2 Rf3 38. Bxb4 Ke6 39. Bd2
Rd3 40. Kc2 Rg3 41. h4 Rh3 42. Bg5 Rh2+ 43. Kc3 Kf5 44. Rf7+ Kg4 45. Rf6 Rh3+
46. Kc4 Kh5 47. Rxa6 Rh2 48. b4 Rc2+ 49. Kb3 Rg2 50. b5 Rg3+ 51. Kc4 Rg4+ 52.
Kc5 Re4 53. b6 Ra4 54. Ra7 1-0

[Event "XXVIII Festival A"]
[Site "Arco ITA"]
[Date "2006.10.28"]
[Round "8"]
[White "Diotallevi, Maurizio"]
[Black "Huettemann, Ralf"]
[Result "1/2-1/2"]
[WhiteElo "2154"]
[BlackElo "1949"]
[PlyCount "67"]
[EventDate "2006.10.21"]

1. Nf3 d6 2. g3 e5 3. Bg2 f5 4. O-O Nf6 5. d3 Be7 6. Nbd2 O-O 7. e4 Nc6 8. c3
Kh8 9. Qe2 fxe4 10. dxe4 Bg4 11. h3 Bh5 12. Qe3 Nd7 13. b3 a5 14. a4 Rb8 15. g4
Bf7 16. c4 Nb4 17. Qc3 c6 18. Ba3 d5 19. Bxb4 Bxb4 20. Qc2 Bg6 21. Ne1 Nc5 22.
Nd3 Nxd3 23. Qxd3 dxe4 24. Qxd8 Rbxd8 25. Nxe4 Bxe4 26. Bxe4 Bc5 27. Ra2 Rf4
28. Re2 Rd4 29. Bc2 e4 30. Kg2 Bb4 31. Rd1 c5 32. Rf1 g5 33. f3 exf3+ 34. Rxf3
1/2-1/2

[Event "XXVIII Festival A"]
[Site "Arco ITA"]
[Date "2006.10.28"]
[Round "8"]
[White "Drasko, Milan"]
[Black "La Manna, Francesco"]
[Result "1-0"]
[WhiteElo "2547"]
[BlackElo "2119"]
[PlyCount "53"]
[EventDate "2006.10.21"]

1. d4 Nf6 2. c4 e6 3. Nc3 d5 4. cxd5 exd5 5. Bg5 Be7 6. e3 c6 7. Qc2 O-O 8. Bd3
Nbd7 9. Nge2 Re8 10. O-O Nf8 11. f3 b6 12. Rad1 Bb7 13. Bh4 Rc8 14. Kh1 Qc7 15.
Bf5 N6d7 16. Bg3 Bd6 17. e4 Bxg3 18. Nxg3 dxe4 19. fxe4 Rcd8 20. e5 Ba6 21.
Rfe1 Bc4 22. b3 Be6 23. Nb5 Qb8 24. Nd6 Re7 25. Qxc6 Qa8 26. Qxa8 Rxa8 27. d5
1-0

[Event "XXVIII Festival A"]
[Site "Arco ITA"]
[Date "2006.10.28"]
[Round "8"]
[White "Fortunato, Vito"]
[Black "Bondielli, Giorgio"]
[Result "1-0"]
[WhiteElo "1866"]
[BlackElo "1986"]
[PlyCount "59"]
[EventDate "2006.10.21"]

1. d4 f5 2. c4 Nf6 3. Nf3 g6 4. g3 Bg7 5. Bg2 O-O 6. Nc3 d6 7. Qc2 a5 8. Rb1
Na6 9. b3 Nh5 10. d5 f4 11. Ng5 Nc5 12. Nge4 Bf5 13. Bb2 Qe8 14. O-O Nf6 15. f3
fxg3 16. hxg3 h5 17. Nxf6+ Bxf6 18. e4 Bd7 19. Ne2 e5 20. dxe6 Nxe6 21. Bxf6
Rxf6 22. Rbd1 Qe7 23. Qd2 Kg7 24. e5 Rf7 25. exd6 cxd6 26. Qxd6 Qg5 27. f4 Qf6
28. Bxb7 Rd8 29. Bd5 Bc8 30. Qe5 1-0

[Event "XXVIII Festival A"]
[Site "Arco ITA"]
[Date "2006.10.28"]
[Round "8"]
[White "Friedrich, Norbert"]
[Black "Burani, Eugenio"]
[Result "1-0"]
[WhiteElo "2309"]
[BlackElo "2023"]
[PlyCount "57"]
[EventDate "2006.10.21"]

1. e4 c5 2. Nf3 Nf6 3. e5 Nd5 4. Nc3 e6 5. Nxd5 exd5 6. d4 Nc6 7. dxc5 Bxc5 8.
Qxd5 Qb6 9. Bc4 Bxf2+ 10. Ke2 O-O 11. Rf1 Bc5 12. Ng5 Nd4+ 13. Kd1 Ne6 14. Ne4
d6 15. exd6 Rd8 16. Bd3 Bxd6 17. Qh5 f5 18. Nxd6 Qxd6 19. Qxf5 Qxh2 20. Qf7+
Kh8 21. Bg5 Rg8 22. Be3 Qxg2 23. Kc1 Qh3 24. Kd2 Qh2+ 25. Rf2 Qh3 26. Raf1 Qh4
27. Rf5 Qb4+ 28. Kc1 g6 29. Qxh7+ 1-0

[Event "XXVIII Festival A"]
[Site "Arco ITA"]
[Date "2006.10.28"]
[Round "8"]
[White "Geske, Julian"]
[Black "Knors, Rudi"]
[Result "1-0"]
[WhiteElo "2148"]
[BlackElo "2071"]
[PlyCount "83"]
[EventDate "2006.10.21"]

1. e4 c6 2. d4 d5 3. Nc3 dxe4 4. Nxe4 Bf5 5. Ng3 Bg6 6. h4 h6 7. Nf3 Nd7 8. h5
Bh7 9. Bd3 Bxd3 10. Qxd3 e6 11. Bf4 Qa5+ 12. Bd2 Qc7 13. O-O-O Ngf6 14. Ne4
O-O-O 15. Kb1 Nxe4 16. Qxe4 Nf6 17. Qe2 Bd6 18. c4 c5 19. Bc3 Kb8 20. Ne5 Ka8
21. dxc5 Bxc5 22. g4 a6 23. f3 Rhe8 24. Rxd8+ Rxd8 25. Rd1 Rxd1+ 26. Qxd1 Ne8
27. Qd7 Qxd7 28. Nxd7 Be3 29. Kc2 f6 30. Kd3 Bg1 31. Bd4 Bh2 32. Nf8 e5 33. Bc5
Kb8 34. Ne6 Kc8 35. Bf8 Bf4 36. Nxf4 exf4 37. Ke4 Kd7 38. Kf5 Nd6+ 39. Bxd6
Kxd6 40. Kxf4 Kc5 41. Kf5 Kd4 42. Kg6 1-0

[Event "XXVIII Festival A"]
[Site "Arco ITA"]
[Date "2006.10.28"]
[Round "8"]
[White "Happel, Hendrik A."]
[Black "Pivovarov, Michail"]
[Result "1-0"]
[WhiteElo "2213"]
[BlackElo "1891"]
[PlyCount "25"]
[EventDate "2006.10.21"]

1. d4 Nf6 2. c4 b6 3. Nc3 e6 4. e4 Bb7 5. Bd3 Bb4 6. Qc2 Nc6 7. Nf3 h6 8. e5
Ng8 9. O-O d6 10. d5 exd5 11. cxd5 Nxe5 12. Nxe5 dxe5 13. Qa4+ 1-0

[Event "XXVIII Festival A"]
[Site "Arco ITA"]
[Date "2006.10.28"]
[Round "8"]
[White "Heinig, Wolfram"]
[Black "Teske, Henrik"]
[Result "1/2-1/2"]
[WhiteElo "2364"]
[BlackElo "2514"]
[PlyCount "27"]
[EventDate "2006.10.21"]

1. d4 e6 2. g3 c5 3. Nf3 b5 4. Bg2 Bb7 5. O-O Nf6 6. a4 b4 7. c4 bxc3 8. bxc3
Be7 9. Nbd2 cxd4 10. cxd4 O-O 11. Ba3 Nc6 12. Ne5 d5 13. Nxc6 Bxc6 14. Nf3
1/2-1/2